000 00508nam a2200205Ia 4500
003 OSt
005 20250916155636.0
008 210210b2009 xxu||||| |||| 00| 0 eng d
020 _a8125026576
040 _cAL
041 _aeng
082 _a907.2 SRET
100 _aSreedharan E
_9238882
245 _aTextbook of historiography
_b: 500 BC to AD 2000
260 _aHyderabad
_bOrient BlackSwan
_c2009
300 _axv,570p
690 _aHistoriography
_9238891
906 _a065515
942 _2ddc
_cBK
999 _c143097
_d143097